| 000 | 00425nam a2200169Ia 4500 | ||
|---|---|---|---|
| 001 | 9902 | ||
| 008 | 140327s9999 xx 000 0 und d | ||
| 020 | _a9971-49-149-4 | ||
| 040 | _cPK-LaUMT | ||
| 082 |
_a 657.2 _bFAV-P |
||
| 100 | _aFavell. A. J. | ||
| 245 |
_aPractical bookkeeping and accounts _cFavell. A. J. |
||
| 260 |
_aSingapore,Singapore: _bGraham Brash, _c1989 |
||
| 300 | _a505 p. | ||
| 546 | _aEN | ||
| 942 | _cBK | ||
| 999 |
_c10966 _d10966 |
||